000 00438nam a22001697a 4500
999 _c2949
_d2948
005 20210807142554.0
008 160616b xxu||||| |||| 00| 0 eng d
020 _a978-81-3699-9
041 _aeng
082 _b7980
_a658
100 _aEssays from Economics and Political weekly
_96525
245 _aGLOBAL ECONOMIC & FINANCIAL CRISIS
260 _bOrient black swan
_c2009
300 _a364
650 _aManagement
_9241
942 _cBK